Geografia, manuale per gli alunni del ginnasio superiore, volume unico: i paesi extraeuropei con particolare riguardo alle colonie italiane ed alle relazioni dei principali stati con l'Italia

Saved in:
Bibliographic Details
Main Author: Guarnieri, Giuseppe Gino (Author)
Format: Book
Language:Italian
Published: Lanciano : Carabba Giuseppe, 1929
Textbook Catalogue:EDISCO:  Library Catalog Search Result
Textbook Classification:
Subjects:
Tags: Add Tag
No Tags, Be the first to tag this record!
Added to:2016-04-30
Changed in:2017-10-18

MARC

LEADER 00000aam a22000001 4500
001 00398
003 OSt
005 20171018092602.0
008 160501s1929 it 000 0 ita
040 |c Antonio Parlati - L'Acquila 
041 1 |a ita 
100 1 |a Guarnieri, Giuseppe Gino  |9 273  |e Author 
245 0 0 |a Geografia, manuale per gli alunni del ginnasio superiore, volume unico: i paesi extraeuropei con particolare riguardo alle colonie italiane ed alle relazioni dei principali stati con l'Italia /  |c Giuseppe Gino Guarnieri 
260 |a Lanciano :  |b Carabba Giuseppe,  |c 1929 
300 |a 135 p. : ill., 1/1 ;   |c in 16° 
510 3 |a 6 
650 4 |a Geografia  |9 28 
655 |a Manuale  |9 9 
690 7 |a Secondaria superiore  |9 8  |x Ginnasio superiore 
901 |a 1 
942 |2 ddc  |c BK 
546 |a ita 
999 |c 388  |d 388 
999 |c edisco:388  |d 388